Vojtech Samuelis sa po 22 rokoch vrátil na motokrosové trate

Podrobná bibliografia
Hlavný autor: Bilý, Jozef (novinár) (Autor)
Médium: Článok
Jazyk:slovenčina
Fyzický popis:1 foto
Predmet:

MARC

LEADER 00000nab a2200000 a 4500
001 vtls000894451
003 SK-MaSNL
005 20260304002944.0
008 040720e19970418xo 0 slo
035 |a KE3485 
040 |a KEVKJB  |b slo  |c KEVKJB  |e AACR2 
041 0 |a slo 
044 |a xo  |c SK 
080 |a 796.72  |2 1981 
080 |a 929  |2 1981 
100 1 |a Bilý, Jozef  |c (novinár)  |4 aut  |9 29833 
245 1 0 |a Vojtech Samuelis sa po 22 rokoch vrátil na motokrosové trate 
300 |b 1 foto 
590 |a Samuelis, Vojtech  |b motokrosár 
600 1 7 |a Samuelis, Vojtech  |2 KEVKJB  |9 1280971 
611 1 7 |a majstrovstvá Slovenska  |2 KEVKJB  |9 873318 
650 0 7 |a miesto 2.  |2 KEVKJB  |9 878662 
650 0 7 |a návrat veterána  |2 KEVKJB  |9 1280972 
651 7 |a Kysak (Slovensko)  |2 KEVKJB  |9 29831 
651 7 |a Košice (Slovensko)  |2 KEVKJB  |9 18694 
651 7 |a KE,  |2 KEVKJB  |9 877256 
651 7 |a KE,  |2 KEVKJB  |9 877256 
655 7 |a periodikum  |2 snkbucl  |9 29553 
773 0 8 |t Korzo  |g Roč. 4, č.89, 18.4.1997, s. 34 
852 |a ZVYKNI  |b KIS3GCP 
999 |c 2544664  |d 2546594